Za chyby miliardové postihy. Nedostatky pri kontrolách odvodov a daní právnických osôb.

Najčastejšie chyby zistené daňovými úradmi pri kontrole právnických osôb za r. 1991 a ich postihy, sankcie. Úlohy právnických osôb pri platení daní z príjmov v r. 1993 podľa zákona č. 286/1992 Zb.z. a ďalších predpisov.

Salvato in:
Dettagli Bibliografici
Autore principale: Tolnaiová, M.
Natura: Capitolo di libro
Lingua:slovacco
Soggetti:
Tags: Aggiungi Tag
Nessun Tag, puoi essere il primo ad aggiungerne!!

MARC

LEADER 00000naa a2200000 4500
001 r012535
005 20220826094338.6
041 0 |a slo 
044 |a SK 
245 1 0 |a Za chyby miliardové postihy.  |b Nedostatky pri kontrolách odvodov a daní právnických osôb.  |c M. Tolnaiová 
520 |a Najčastejšie chyby zistené daňovými úradmi pri kontrole právnických osôb za r. 1991 a ich postihy, sankcie. Úlohy právnických osôb pri platení daní z príjmov v r. 1993 podľa zákona č. 286/1992 Zb.z. a ďalších predpisov. 
610 2 0 |a dane 
610 2 0 |a odvody 
610 2 0 |a osoby právnické 
610 2 0 |a dane z príjmov 
610 2 0 |a sankcie 
610 2 0 |a kontrola 
610 2 0 |a úrady daňové 
610 2 0 |a Slovensko 
100 1 |a Tolnaiová, M.